Catalog

Record Details

Catalog Search



The Tyndale Old Testament commentaries / Vol. 8 1 and 2 Samuel Cover Image Book Book

The Tyndale Old Testament commentaries / by Joyce G. Baldwin ; General editor: D. J. Wiseman Vol. 8 1 and 2 Samuel

Baldwin, Joyce G. (Author). Wiseman, Donald J. (Added Author).

Record details

  • ISBN: 0-87784-258-2
  • Physical Description: 299 p.
  • Publisher: Downers Grove, Illinois Inter-Varsity Press 1988

Available copies

  • 1 of 1 copy available at Common Catalog SPOK.

Holds

  • 0 current holds with 1 total copy.
Show Only Available Copies
Location Call Number / Copy Notes Barcode Shelving Location Status Due Date
ETS Library 221.7 424470000080 Volný výběr Available -

LDR 00843nam a2 00265
00134243
003CZ-PrJAB
00520010530000000.0
008000616s1988 xxu e |||| |eng
009us
020 . ‡a0-87784-258-2
035 . ‡a(CONS)9493
035 . ‡aKPS7098
040 . ‡aABG450
041 . ‡aeng
08214. ‡a221.7
100 . ‡75 ‡aBaldwin, Joyce G.
245 . ‡aThe Tyndale Old Testament commentaries / ‡cby Joyce G. Baldwin ; General editor: D. J. Wiseman ‡nVol. 8 ‡p1 and 2 Samuel
260 . ‡aDowners Grove, Illinois ‡bInter-Varsity Press ‡c1988
300 . ‡a299 p.
490 . ‡aThe Tyndale Old Testament commentaries
653 . ‡aTyndale Old Testament commentaries ‡a1 and 2 Samuel
700 . ‡71399 ‡aWiseman, Donald J.
8524 . ‡bETS ‡bETS ‡cVolný výběr ‡j221.7 ‡gP ‡p424470000080 ‡xreference
910 . ‡aABG450
999 . ‡a9493 ‡bAUTOGEN ‡c9493 ‡tbiblio
905 . ‡uadmin
901 . ‡a34243 ‡b ‡c34243 ‡tbiblio ‡sets

Additional Resources